Island Country Flag-Shapes - Sudden Death - Statistics

General Stats
  • This quiz has been taken 339 times
  • The average score is 10 of 15
Answers on the Grid
Answers color-coded by a green-red scale on the quiz's grid according to % correct below.
 
Answer Stats
Answer % Correct
78%
78%
73%
70%
69%
69%
68%
68%
68%
62%
61%
61%
60%
54%
49%
No matching quizzes found
Score Distribution
Percent of People with Each Score
Percentile by Number Answered
Your Score History
You have not taken this quiz